000 00568nam a22002057a 4500
003 OSt
005 20170208184850.0
008 140714b xxu||||| |||| 00| 0 eng d
020 _a9788173660764
040 _cDLNM
082 _a005.13 BAR 1999
100 _aBarr Michael
_9495
245 _aProgramming Embedded Systems in C and C++
260 _aNew Dheli;
_bShroff Publishers,
_c1999
300 _axvii,174 p.:
_bill ;
_c24 cm.
504 _aIncludes Bibliography and index
650 _aProgramming
_9496
650 _aEmbedded systems
_9497
942 _2z
_cB_BANK
999 _c192
_d192